Revista moderna de administración local
Publicado:
Barcelona : Sevilla :
Centro de Administración Municipal ; Centro de Administración Municipal de Santiago Vives ,
1907
Descripción Física:
v. ; periodicitat: mensual ; 25 cm
Descripción:
Índex anual.
Materias:
Administració local -- Espanya -- Revistes
; Municipis -- Govern i administració -- Espanya -- Revistes
; Dret administratiu -- Espanya -- Revistes
; Revistes
Idioma:
Español
MARC
| LEADER | 00000nas a2200000 a 4500 | ||
|---|---|---|---|
| 001 | 28293, 28294, 28295, 28296, 28297, 28298, 28299, 28300, 28301, 28302, 28303, 28304, 28305, 28306, 28307, 28308, 28309, 28310, 28311, 28312, 28313, 28314, 28315, 28316, 28317, 28318, 28319, 28320, 28321, 28322, 28323, 28324, 28325, 28326, 28327 | ||
| 003 | AGDB | ||
| 005 | 20260324181506.0 | ||
| 008 | 160829s9999 xx 000 0 cat d | ||
| 017 | |a B 3033-1958 | ||
| 040 | |a agdb |b cat | ||
| 041 | |a spa | ||
| 245 | |a Revista moderna de administración local | ||
| 260 | |a Barcelona : |a Sevilla : |b Centro de Administración Municipal ; |b Centro de Administración Municipal de Santiago Vives ; |c [1907-197-?] | ||
| 300 | |a v. ; |b periodicitat: mensual ; |c 25 cm | ||
| 310 | |a Mensual | ||
| 362 | |a Año 1, no. 1 (enero 1907)- | ||
| 500 | |a Suspesa d'agost de 1936 al 1940. | ||
| 501 | |a Conté legislació. | ||
| 520 | |a Índex anual. | ||
| 588 | |a Descripció basada en: Año 33, no. 386 (dic.1942). | ||
| 650 | 0 | |a Administració local |z Espanya |v Revistes |9 39429 | |
| 650 | 0 | |a Municipis |x Govern i administració |x Espanya |x Revistes |9 41090 | |
| 650 | |a Dret administratiu |x Espanya |x Revistes |9 28382 | ||
| 655 | 0 | |9 55823 |a Revistes | |
| 710 | |a Centre d'Administració Municipal (Barcelona) |9 69948 | ||
| 866 | |a 1909 (31) | ||
| 866 | |a 1910 (38-39) | ||
| 866 | |a 1942 (386) | ||
| 866 | |a 1943 (387, 388) | ||
| 866 | |a 1944 (398, 401, 407) | ||
| 866 | |a 1945 (409-420) | ||
| 866 | |a 1946 (421-426, 428-429, 431-432) | ||
| 866 | |a 1947 (433-440, 442-443) | ||
| 866 | |a 1948 (444-452, 454) | ||
| 866 | |a 1949 (455-458, 460, 462-464) | ||
| 866 | |a 1950 (465-476) | ||
| 866 | |a 1951 (477-482, 485-488) | ||
| 866 | |a 1952 (489-500) + 2 supl. (índexs) | ||
| 866 | |a 1953 (501-512) + 2 supl. (índexs) | ||
| 866 | |a 1954 (513, 515-517, 519-524) | ||
| 866 | |a 1955 (525-536) + 1 supl. (índex) | ||
| 866 | |a 1956 (537-538, 541, 543-546, 548) | ||
| 866 | |a 1957 (549-560) + 2 supl. (índexs) | ||
| 866 | |a 1958 (561-572) + 2 supl. (índexs) | ||
| 866 | |a 1959 (573-584) + 2 supl. (índexs) | ||
| 866 | |a 1960 (585-596) + 2 supl. (índexs) | ||
| 866 | |a 1961 (597-608) | ||
| 866 | |a 1962 (609-619) + 4 supl. (índexs) | ||
| 866 | |a 1963 (621-632) + 2 supl. (índexs) | ||
| 866 | |a 1964 (633-644) + 2 supl. (índexs) | ||
| 866 | |a 1965 (645-655/656) + 2 supl. (índexs) | ||
| 866 | |a 1966 (657/658-667/668) + 2 supl. (índexs) | ||
| 866 | |a 1967 (669-680) + 2 supl. (índexs) | ||
| 866 | |a 1968 (681-692) + 2 supl. (índexs) | ||
| 866 | |a 1969 (693-704) + 2 supl. (índexs) | ||
| 866 | |a 1970 (705-715) + 2 supl. (índexs) | ||
| 866 | |a 1971 (716-720, 722-727) | ||
| 866 | |a 1972 (728-729, 731-739) + 2 supl. (índexs) | ||
| 866 | |a 1973 (740-751) + 2 supl. (índexs) | ||
| 866 | |a 1974 (752-763) + 2 supl. (índexs) | ||
| 866 | |a 1975 ( 764-775) | ||
| 866 | |a 1976 (776-778, 781/783-784/787) | ||
| 901 | |a Arxiu | ||
| 942 | |n 1 |2 udc |c REV | ||
| 952 | |0 0 |1 0 |4 0 |6 REV2335 |7 1 |9 44801 |a Arxiu |b Arxiu |d 2016-12-01 |h Núm. 31 (juliol 1909) ; Núm. 38 (febrer 1910) - Núm. 39 (març 1910) |o Rev-2335 |p 28293 |r 2016-12-01 00:00:00 |w 2016-12-01 |y ARXIU | ||
| 952 | |0 0 |1 0 |4 0 |6 REV2335 |7 1 |9 96320 |a Arxiu |b Arxiu |d 2023-10-17 |h Núm. 386 (desembre 1942) - Núm. 388 (febrer 1943) |l 0 |o Rev-2335 |p 28294 |r 2023-10-17 00:00:00 |w 2023-10-17 |y ARXIU | ||
| 952 | |0 0 |1 0 |4 0 |6 REV2335 |7 1 |9 96321 |a Arxiu |b Arxiu |d 2023-10-17 |h Núm. 398 (gener 1944) ; Núm. 401 (abril 1944) ; Núm. 407 (octubre/novembre 1944) |l 0 |o Rev-2335 |p 28295 |r 2023-10-17 00:00:00 |w 2023-10-17 |y ARXIU | ||
| 952 | |0 0 |1 0 |4 0 |6 REV2335 |7 1 |9 96322 |a Arxiu |b Arxiu |d 2023-10-17 |h Núm. 409 (gener 1945) - Núm. 420 (desembre 1945) |l 0 |o Rev-2335 |p 28296 |r 2023-10-17 00:00:00 |w 2023-10-17 |y ARXIU | ||
| 952 | |0 0 |1 0 |4 0 |7 1 |9 96323 |a Arxiu |b Arxiu |d 2023-10-17 |h Núm. 421 (gener 1946) - Núm. 426 (juny 1946) ; Núm. 428 (agost 1946) - Núm. 429 (setembre 1946) ; Núm. 431 (novembre 1946) - Núm. 432 (desembre 1946) |o Rev-2336 |p 28297 |r 2023-10-17 00:00:00 |w 2023-10-17 |y ARXIU |z Duplicat el núm. 424 (abril 1946) | ||
| 952 | |0 0 |1 0 |4 0 |6 REV2336 |7 1 |9 96324 |a Arxiu |b Arxiu |d 2023-10-17 |h Núm. 433 (gener 1947) - Núm. 440 (agost 1947) ; Núm. 442 (novembre 1947) - Núm. 443 (desembre 1947) |l 0 |o Rev-2336 |p 28298 |r 2023-10-17 00:00:00 |w 2023-10-17 |y ARXIU | ||
| 952 | |0 0 |1 0 |4 0 |6 REV2336 |7 1 |9 96325 |a Arxiu |b Arxiu |d 2023-10-17 |h Núm. 444 (gener 1948) - Núm. 452 (octubre 1948) ; Núm. 454 (desembre 1948) |l 0 |o Rev-2336 |p 28299 |r 2023-10-17 00:00:00 |w 2023-10-17 |y ARXIU | ||
| 952 | |0 0 |1 0 |4 0 |6 REV2337 |7 1 |9 96326 |a Arxiu |b Arxiu |d 2023-10-17 |h Núm. 455 (gener 1949) - Núm. 458 (abril 1949) ; Núm. 460 (juny 1949) ; Núm. 462 (setembre 1949) - Núm. 464 (novembre/desembre 1949) |l 0 |o Rev-2337 |p 28300 |r 2023-10-17 00:00:00 |w 2023-10-17 |y ARXIU |z Duplicat el núm. 462 (setembre 1949) | ||
| 952 | |0 0 |1 0 |4 0 |6 REV2337 |7 1 |9 96327 |a Arxiu |b Arxiu |d 2023-10-17 |h Núm. 465 (gener 1950) - Núm. 474/476 (octubre/desembre 1950) |o Rev-2337 |p 28301 |r 2023-10-17 00:00:00 |w 2023-10-17 |y ARXIU | ||
| 952 | |0 0 |1 0 |4 0 |6 REV2337 |7 1 |9 96328 |a Arxiu |b Arxiu |d 2023-10-17 |h Núm. 477 (gener 1951) - Núm. 482 (juny 1951) ; Núm. 485 (setembre 1951) - Núm. 488 (desembre 1951) |l 0 |o Rev-2337 |p 28302 |r 2023-10-17 00:00:00 |w 2023-10-17 |y ARXIU | ||
| 952 | |0 0 |1 0 |4 0 |6 REV2338 |7 1 |9 96334 |a Arxiu |b Arxiu |d 2023-10-18 |h Núm. 489 (gener 1952) - Núm. 500 (desembre 1952) + 2 supl. (índexs) |l 0 |o Rev-2338 |p 28303 |r 2023-10-18 00:00:00 |w 2023-10-18 |y ARXIU | ||
| 952 | |0 0 |1 0 |4 0 |6 REV2338 |7 1 |9 96335 |a Arxiu |b Arxiu |d 2023-10-18 |h Núm. 501 (gener 1953) - Núm. 512 (desembre 1953) + 2 supl. (índexs) |l 0 |o Rev-2338 |p 28304 |r 2023-10-18 00:00:00 |w 2023-10-18 |y ARXIU | ||
| 952 | |0 0 |1 0 |4 0 |6 REV2339 |7 1 |9 96336 |a Arxiu |b Arxiu |d 2023-10-18 |h Núm. 513 (gener 1954) ; Núm. 515 (març 1954) - Núm. 517 (maig 1954) ; Núm. 519 (juliol 1954) - Núm. 524 (desembre 1954) |l 0 |o Rev-2339 |p 28305 |r 2023-10-18 00:00:00 |w 2023-10-18 |y ARXIU | ||
| 952 | |0 0 |1 0 |4 0 |6 REV2339 |7 1 |9 96338 |a Arxiu |b Arxiu |d 2023-10-18 |h Núm. 525 (gener 1955) - Núm. 536 (desembre 1955) + 1 supl. (índex) |o Rev-2339 |p 28306 |r 2023-10-18 00:00:00 |w 2023-10-18 |y ARXIU | ||
| 952 | |0 0 |1 0 |4 0 |6 REV2339 |7 1 |9 96340 |a Arxiu |b Arxiu |d 2023-10-18 |h Núm. 537 (gener 1956) - Núm. 538 (febrer 1956) ; Núm. 541 (maig 1956) ; Núm. 543 (juliol 1956) - Núm. 546 (octubre 1956) ; Núm. 548 (desembre 1956) |l 0 |o Rev-2339 |p 28307 |r 2023-10-18 00:00:00 |w 2023-10-18 |y ARXIU | ||
| 952 | |0 0 |1 0 |4 0 |6 REV2340 |7 1 |9 96341 |a Arxiu |b Arxiu |d 2023-10-18 |h Núm. 549 (gener 1957) - Núm. 560 (desembre 1957) + 2 supl. (índexs) |l 0 |o Rev-2340 |p 28308 |r 2023-10-18 00:00:00 |w 2023-10-18 |y ARXIU | ||
| 952 | |0 0 |1 0 |4 0 |6 REV2340 |7 1 |9 96343 |a Arxiu |b Arxiu |d 2023-10-18 |h Núm. 561 (gener 1958) - Núm. 572 (desembre 1958) + 2 supl. (índexs) |l 0 |o Rev-2340 |p 28309 |r 2023-10-18 00:00:00 |w 2023-10-18 |y ARXIU | ||
| 952 | |0 0 |1 0 |4 0 |6 REV2340 |7 1 |9 96344 |a Arxiu |b Arxiu |d 2023-10-18 |h Núm. 573 (gener 1959) - Núm. 584 (desembre 1959) + 2 supl. (índexs) |l 0 |o Rev-2340 |p 28310 |r 2023-10-18 00:00:00 |w 2023-10-18 |y ARXIU | ||
| 952 | |0 0 |1 0 |4 0 |6 REV2341 |7 1 |9 96345 |a Arxiu |b Arxiu |d 2023-10-18 |h Núm. 585 (gener 1960) - Núm. 596 (desembre 1960) + 2 supl. (índexs) |l 0 |o Rev-2341 |p 28311 |r 2023-10-18 00:00:00 |w 2023-10-18 |y ARXIU | ||
| 952 | |0 0 |1 0 |4 0 |6 REV2341 |7 1 |9 96346 |a Arxiu |b Arxiu |d 2023-10-18 |h Núm. 597 (gener 1961) - Núm. 608 (desembre 1961) + 2 supl. (índexs) |l 0 |o Rev-2341 |p 28312 |r 2023-10-18 00:00:00 |w 2023-10-18 |y ARXIU | ||
| 952 | |0 0 |1 0 |4 0 |6 REV2341 |7 0 |9 96348 |a Arxiu |b Arxiu |d 2023-10-18 |h Núm. 609 (gener 1962) - Núm. 619 (novembre 1962) + 4 supl. (índexs) |l 0 |o Rev-2341 |p 28313 |r 2023-10-18 00:00:00 |w 2023-10-18 |y ARXIU | ||
| 952 | |0 0 |1 0 |4 0 |6 REV2342 |7 1 |9 96358 |a Arxiu |b Arxiu |d 2023-10-23 |h Núm. 621 (gener 1963) - Núm. 632 (desembre 1963) + 2 supl. (índexs) |l 0 |o Rev-2342 |p 28314 |r 2023-10-23 00:00:00 |w 2023-10-23 |y ARXIU | ||
| 952 | |0 0 |1 0 |4 0 |6 REV2342 |7 1 |9 96359 |a Arxiu |b Arxiu |d 2023-10-23 |h Núm. 633 (gener 1964) - Núm. 644 (desembre 1964) + 2 supl. (índexs) |l 0 |o Rev-2342 |p 28315 |r 2023-10-23 00:00:00 |w 2023-10-23 |y ARXIU | ||
| 952 | |0 0 |1 0 |4 0 |6 REV2342 |7 1 |9 96360 |a Arxiu |b Arxiu |d 2023-10-23 |h Núm. 654 (gener 1965) - Núm. 655/656 (novembre/desembre 1965) + 2 supl. (índexs) |l 0 |o Rev-2342 |p 28316 |r 2023-10-23 00:00:00 |w 2023-10-23 |y ARXIU | ||
| 952 | |0 0 |1 0 |4 0 |6 REV2343 |7 1 |9 96361 |a Arxiu |b Arxiu |d 2023-10-23 |h Núm. 657/658 (gener/febrer 1966) - Núm. 667/668 (novembre/desembre 1966) + 2 supl. (índexs) |l 0 |o Rev-2343 |p 28317 |r 2023-10-23 00:00:00 |w 2023-10-23 |y ARXIU | ||
| 952 | |0 0 |1 0 |4 0 |6 REV2343 |7 1 |9 96362 |a Arxiu |b Arxiu |d 2023-10-23 |h Núm. 669 (gener 1967) - Núm. 680 (desembre 1967) + 2 supl. (índexs) |l 0 |o Rev-2343 |p 28318 |r 2023-10-23 00:00:00 |w 2023-10-23 |y ARXIU | ||
| 952 | |0 0 |1 0 |4 0 |6 REV2343 |7 1 |9 96363 |a Arxiu |b Arxiu |d 2023-10-23 |h Núm. 681 (gener 1968) - Núm. 692 (desembre 1968) + 2 supl. (índexs) |o Rev-2343 |p 28319 |r 2023-10-23 00:00:00 |w 2023-10-23 |y ARXIU | ||
| 952 | |0 0 |1 0 |4 0 |6 REV2344 |7 1 |9 96364 |a Arxiu |b Arxiu |d 2023-10-23 |h Núm. 693 (gener 1969) - Núm. 704 (desembre 1969) + 2 supl. (índexs) |l 0 |o Rev-2344 |p 28320 |r 2023-10-23 00:00:00 |w 2023-10-23 |y ARXIU | ||
| 952 | |0 0 |1 0 |4 0 |6 REV2344 |7 1 |9 96365 |a Arxiu |b Arxiu |d 2023-10-23 |h Núm. 705 (gener 1970) - Núm. 715 (desembre 1970) + 2 supl. (índexs) |l 0 |o Rev-2344 |p 28321 |r 2023-10-23 00:00:00 |w 2023-10-23 |y ARXIU | ||
| 952 | |0 0 |1 0 |4 0 |6 REV2344 |7 1 |9 96366 |a Arxiu |b Arxiu |d 2023-10-23 |h Núm. 716 (gener 1971) - Núm.720 (maig 1971) ; Núm. 722 (juliol 1971) - Núm. 727 (desembre 1971) |l 0 |o Rev-2344 |p 28322 |r 2023-10-23 00:00:00 |w 2023-10-23 |y ARXIU | ||
| 952 | |0 0 |1 0 |4 0 |6 REV2345 |7 1 |9 96367 |a Arxiu |b Arxiu |d 2023-10-23 |h Núm. 728 (gener 1972) - Núm. 729 (febrer 1972) ; Núm. 731 (abril 1972) - Núm. 739 (desembre 1972) + 2 supl. (índexs) |l 0 |o Rev-2345 |p 28323 |r 2023-10-23 00:00:00 |w 2023-10-23 |y ARXIU | ||
| 952 | |0 0 |1 0 |4 0 |6 REV2345 |7 1 |9 96368 |a Arxiu |b Arxiu |d 2023-10-23 |h Núm. 740 (gener 1973) - Núm. 751 (desembre 1973) + 2 supl. (índexs) |l 0 |o Rev-2345 |p 28324 |r 2023-10-23 00:00:00 |w 2023-10-23 |y ARXIU | ||
| 952 | |0 0 |1 0 |4 0 |6 REV2346 |7 1 |9 96369 |a Arxiu |b Arxiu |d 2023-10-24 |h Núm. 452 (gener 1974) - Núm. 763 (desembre 1974) + 2 supl. (índexs) |l 0 |o Rev-2346 |p 28325 |r 2023-10-24 00:00:00 |w 2023-10-24 |y ARXIU | ||
| 952 | |0 0 |1 0 |4 0 |6 REV2346 |7 1 |9 96370 |a Arxiu |b Arxiu |d 2023-10-24 |h Núm. 764 (gener 1975) - Núm. 775 (desembre 1975) |l 0 |o Rev-2346 |p 28326 |r 2023-10-24 00:00:00 |w 2023-10-24 |y ARXIU | ||
| 952 | |0 0 |1 0 |4 0 |6 REV2347 |7 1 |9 96371 |a Arxiu |b Arxiu |d 2023-10-24 |h Núm. 776 (gener 1976) - Núm. 778 (març 1976) ; Núm. 781/783 (juny/agost 1976) - Núm. 784/787 (setembre/desembre 1976) |l 0 |o Rev-2347 |p 28327 |r 2023-10-24 00:00:00 |w 2023-10-24 |y ARXIU | ||
| 999 | |c 47389 |d 47389 | ||